Szczegóły MARC21

"Lextra '86" : prawo przewozowe /

005 -DATA I CZAS OSTATNIEJ MODYFIKACJI [,]
    • @
    • pole kontrolne
    • 20070315155141.9
040 -Instytucja sporządzająca opis [ , ]
    • a
    • Instytucja, która sporządziła opis (NP)
    • SZCZ U
    • c
    • Instytucja, która sporządziła rekord (NP)
    • SZCZ U
041 -Język dokumentu [0, ]
    • a
    • Język tekstu (P)
    • polski
    • h
    • Język tekstu oryginalnego i/lub pośredniego (P)
    • polski
942 -Rodzaj dokumentu [ , ]
    • c
    • Rodzaj dokumentu
    • Książka
245 -Strefa tytułu i oznaczenia odpowiedzialności [0, ]
    • a
    • Tytuł
    • "Lextra '86" : Find
    • b
    • Ciąg dalszy tytułu (NP)
    • prawo przewozowe / Find
    • c
    • Pozostałe elementy strefy tytułu i oznaczenia odpowiedzialności (NP)
    • [aut.Władysław Górski i in.] ; Pol.Tow.Ekonomiczne. Stow.Wyższej Użyteczności. Oddz.Woj. w Szczecinie : Zakład Prawa Transportowego US.
260 -Strefa adresu wydawniczego [ , ]
    • a
    • Miejsce wydania (P)
    • Szczecin :
    • b
    • Nazwa wydawcy (P)
    • "Zapol",
    • c
    • Data wydania (P)
    • 1986.
300 -Strefa opisu fizycznego [ , ]
    • a
    • Określenie formy książki i/lub objętość (NP)
    • 297 s. :
    • c
    • Format (NP)
    • 20 cm.
080 -Uniwersalna Klasyfikacja Dziesiętna [ , ]
    • a
    • Symbol klasyfikacji
    • 347.763
    • 9
    • UKD
    • 64224
    • 2
    • Identyfikator wydania tablic
    • FID 607
    • b
    • Dopowiedzenie
    • Umowy dotyczące transportu, przewozów, komunikacji.
980 -Symbol UKD [ , ]
    • a
    • UKD
    • 347.763
Sygnatura Numer inwentarzowy Status udost. Lokalizacja Data inwentaryzacji
 E.58955-2BE1999-01-01
TS.68382TS.68382-3T1999-01-01
 TS.68383-3T1999-01-01